| 000 | 01045nam a2200241Ia 4500 | ||
|---|---|---|---|
| 003 | Ost | ||
| 005 | 20260507074841.0 | ||
| 008 | 260507s9999||||xx |||||||||||||| ||und|| | ||
| 020 | _a9789957323486 | ||
| 040 | _cfsecg | ||
| 041 | _aara | ||
| 082 | _a658.4 | ||
| 100 |
_aعياصرة، معن محمود _eمؤلف |
||
| 245 | 0 |
_aالقيادة والرقابة والاتصال الإداري / _c معن محمود عياصرة |
|
| 260 |
_aعمان: _bدار الحامد للنشر والتوزيع, _c2015 |
||
| 300 |
_a188 صفحة؛ _bإيضاحات ؛ _c25 سم |
||
| 504 | _aببليوغرافيا: 183-188 | ||
| 520 | _aيتناول مدخل إلى علم الادارة، الوظائف الادارية، الرقابة الادارية، المساءلة، التقويم، اتخاذ القرارات، القيادة الإدارية، الاتصال | ||
| 653 | _aالاتصال | ||
| 653 | _aالقيادة الإدارية | ||
| 700 |
_aبني أحمد، مروان محمد _eمؤلف ثانوي |
||
| 942 | _cكتاب | ||
| 999 |
_c41519 _d41519 |
||